States that voted against Donald Trump twice - Statistics

General Stats
  • This quiz has been taken 56 times
  • The average score is 19 of 20
Answer Stats
Average point margin State % Correct
Democrat +29.66 California
100%
Democrat +22.85 New York
100%
Democrat +13.54 Oregon
100%
Democrat +17.46 Washington
100%
Democrat +6.03 Maine
98%
Democrat +18.16 Rhode Island
98%
Democrat +15.19 Delaware
96%
Democrat +30.96 Hawaii
96%
Democrat +30.57 Massachusetts
96%
Democrat +9.21 Colorado
93%
Democrat +16.82 Connecticut
93%
Democrat +30.68 Vermont
93%
Democrat +3.84 New Hampshire
91%
Democrat +14.95 New Jersey
91%
Democrat +9.51 New Mexico
91%
Democrat +16.99 Illinois
89%
Democrat +29.86 Maryland
89%
Democrat +4.31 Minnesota
87%
Democrat +7.71 Virginia
84%
Democrat +2.41 Nevada
76%
No matching quizzes found
Score Distribution
Percent of People with Each Score
Percentile by Number Answered
Your Score History
You have not taken this quiz